000
00315nam a2200133Ia 4500
008
100328s9999 xx 000 0 und d
082
_b
2436
100
_a
Stuart Brian
245
_a
Desert Adventure
260
_b
G.Bell & Sons Ltd.
630
_a
Desert Adventure
730
_a
Desert Adventure
942
_c
BOOK
999
_c
498649
_d
498646